|
|
|
|
| LEADER |
00919nam a2200229 a 4500 |
| 001 |
13217055 |
| 008 |
110302r20102003enka b 001 0 eng d |
| 010 |
|
|
|a 2003055133
|
| 020 |
|
|
|a 9780521642989
|
| 020 |
|
|
|a 0521642981
|
| 040 |
|
|
|a DLC
|c DLC
|d DLC
|d BD-DhAAL
|
| 082 |
0 |
0 |
|a 003/.54
|2 21
|
| 100 |
1 |
|
|a MacKay, David J. C.
|
| 245 |
1 |
0 |
|a Information theory, inference, and learning algorithms /
|c David J.C. MacKay.
|
| 260 |
|
|
|a Cambridge, UK ;
|a New York :
|b Cambridge University Press,
|c 2003. [Ninth printing 2010]
|
| 300 |
|
|
|a xii, 628 p. :
|b ill. ;
|c 26 cm.
|
| 504 |
|
|
|a Includes bibliographical references (p. 613-619) and index.
|
| 541 |
1 |
|
|e 00021995
|
| 650 |
|
0 |
|a Information theory.
|
| 852 |
4 |
|
|a Ayesha Abed Library
|j General shelf
|
| 999 |
|
|
|c 10497
|d 10497
|
| 952 |
|
|
|0 0
|1 0
|2 ddc
|4 0
|6 003_540000000000000_MAC
|7 0
|9 14579
|a BRACUL
|b BRACUL
|c GEN
|d 2011-03-07
|l 3
|m 34
|o 003.54 MAC
|p 3010021995
|r 2025-03-08
|s 2025-01-11
|t 1
|w 2011-03-07
|y BK
|